01977nam a2200301Ia 450000500170000000800410001702000150005804100080007310000360008124501080011725000260022526400360025130000250028733600270031233700330033933800280037249000380040050400420043852009480048053400360142865000290146465000260149365000270151965000310154670000510157704000350162808400120166320220316235351.0121119s2002 sp gr 000 0dspa  a842063445X1 aspa1 aRilke, Rainer Maria,d1875-192610aCartas a un joven poetacRainer Maria Rilke ; traducción y nota preliminar de José María Valverde aTercera reimpresión 1aMadridbAlianza editorialc2002 a99 páginasc17 cm. atextobtxt2rdacontent asin mediaciónbn2rdamedia avolumenbnc2rdacarrier0 aEl libro de bolsillo : literatura aIncluye datos biográficos del autor3 aLas Cartas a un joven poeta, recibidas y posteriormente editadas por Franz Xaver Kappus, comprenden un tramo cronológico fundamental en la evolución de Rainer Maria Rilke (1875-1926). Convertidas desde su primera edición en un clásico para todos aquellos que aman la escritura, y en particular la poesía, estos diez textos tienen el gran valor de una reflexión acerca de los estados de ánimo, la soledad, el acto de la creación y, sobre todo, la literatura en toda su dimensión. No mirar hacia afuera, buscar en sí mismo las raíces de la actividad poética, enfrentarse al mundo desde una perspectiva más auténtica, son algunas de las premisas. Rilke abandonó siendo joven la academia militar para iniciar estudios de literatura y filosofía en las universidades de Praga, Munich y Berlín. Gran admirador de la literatura rusa, conoció a Tolstoi y mantuvo un nutrido intercambio epistolar con Boris Pasternak. bBriefe an aeinen jungen Dichter142LEMBaLiteratura alemana142LEMBaCartas alemanas142LEMBaSoledad vNovela142LEMBaSentimientosvNovela1 aValverde, José Maríad1926-1996etraductor aCO-BoRNBPbspaerdacCO-BoRNBP aN RIL1